Una Biblia

Gespeichert in:
Bibliographische Detailangaben
1. Verfasser: Lechermeier, Philippe (autor)
Weitere Verfasser: Dautremer, Rébecca (autora)
Format: Buch
Sprache:Spanisch
Veröffentlicht: s.l Luis Vives 2014
Ausgabe:1a. ed
Schlagworte:
Tags: Tag hinzufügen
Keine Tags, Fügen Sie den ersten Tag hinzu!

MARC

LEADER 00000cam a2200000 a 4500
001 UCC0374
003 CL-VaPUC
008 170811e20140000sp |||||||||||||||||spa|d
020 |a 9788426394620 
082 0 4 |a 220  |b LEC  |2 21 
100 |a Lechermeier, Philippe  |e autor  |9 594311 
700 |a Dautremer, Rébecca  |e autora  |9 594312 
245 1 4 |a Una Biblia 
250 |a 1a. ed 
300 |a 371 p 
942 |c BK 
945 |d 20170811 15:21:00  |a dcastane 
260 |a s.l  |b Luis Vives  |c 2014 
650 0 |a Biblia  |9 257603 
650 0 |a Antiguo testamento   |9 313678 
650 0 |a Nuevo testamento  |9 257604 
650 0 |a Textos sagrados   |9 257605 
583 |a last modification  |c 20170811 15:21:00  |k Rodrigo Vera 
999 |c 369226  |d 369224